000 00901nam0a22002291i 4500
001 rc\3250256
005 20240723213854.0
021 _aRU
_b[72-11447а]
035 _a(NLR Aleph) 007380939
090 _a6507458
_c6507458
100 _a20130115d1972 |||y0rusy50 ca
101 0 _arus
102 _aRU
105 _ay d |||||
200 1 _aФормирование и развитие субъективного фактора социалистической революции
_e(На опыте созревания Октябрьской революции)
_eАвтореф. дис. на соискание учен. степени канд. филос. наук
_e(621)
_fЕреван. гос. ун-т
210 _aЕреван
_d1972
215 _a22 с.
700 1 _aЧобанян
_bО.С.
801 0 _aRU
_bNLR
_gpsbo
801 1 _aRU
_bELAR
_2rusmarc
852 _aNLR
_j72-4/37146
942 _cBOOK